000 00295nam a2200145Ia 4500
100 _aCaster C.F
650 _aGeneral
942 _cBK
654 _aInnovation
245 _aInvestment in Innovation
260 _bMacdonallds
_c2001
082 _a658.1
300 _a125
546 _aENGLISH
999 _c35720
_d35720